Ruština pro veřejnou správu

Saved in:
Bibliographic Details
Main Author Dlouhá, Oxana (Author)
Format Book
LanguageCzech
Russian
Published Plzeň : Vydavatelství a nakladatelství Aleš Čeněk, 2008
Subjects
ISBN9788073801120
Physical Description462 s. ; 23 cm

Cover

LEADER 00000cam a2200000 a 4500
001 51890
003 CZ-ZlUTB
005 20190826001553.0
007 ta
008 080814s2008 xr e p 000 0 cze
020 |a 9788073801120  |q (brož.) 
035 |a (OCoLC)316674637 
040 |a ABA001  |b cze  |d ZLD002 
041 0 |a cze  |a rus 
072 7 |a 811.161  |x Východoslovanské jazyky  |2 Konspekt  |9 11 
072 7 |a 37.016  |x Učební osnovy. Vyučovací předměty. Učebnice  |2 Konspekt  |9 22 
080 |a 35  |2 MRF 
080 |a 811.161.1  |2 MRF 
080 |a 81'373.46  |2 MRF 
080 |a 81'42'373.46  |2 MRF 
080 |a (075.8)  |2 MRF 
100 1 |a Dlouhá, Oxana  |7 jn20010309487  |4 aut 
245 1 0 |a Ruština pro veřejnou správu /  |c Oxana Dlouhá 
260 |a Plzeň :  |b Vydavatelství a nakladatelství Aleš Čeněk,  |c 2008 
300 |a 462 s. ;  |c 23 cm 
504 |a Obsahuje bibliografii a bibliografické odkazy 
521 8 |a Určeno především studentům oboru Veřejná správa na Policejní akademii ČR v Praze 
650 0 7 |a veřejná správa  |7 ph127076  |2 czenas 
650 0 7 |a ruština  |7 ph125351  |2 czenas 
650 0 7 |a oborová terminologie  |7 ph138998  |2 czenas 
650 0 7 |a odborné texty  |7 ph123679  |2 czenas 
655 7 |a učebnice vysokých škol  |7 fd133772  |2 czenas 
910 |a ZLD002 
928 1 |a Vydavatelství a nakladatelství Aleš Čeněk. Plzeň 
952 |0 0  |1 0  |4 0  |6 8082DLOUHÁO  |7 0  |8 BOOK  |9 92658  |a UTBZL  |b UTBZL  |c 005  |d 2009-04-24  |l 0  |o 808.2/DLOUHÁ,O.  |p 420010123290  |r 2019-08-26 00:00:00  |v 450.00  |w 2019-08-26  |x N:nákup; | 20100831  |y 01 
952 |0 0  |1 0  |4 0  |6 8082DLOUHÁO  |7 0  |8 BOOK  |9 92659  |a UTBZL  |b UTBZL  |c 006  |d 2009-04-24  |l 0  |o 808.2/DLOUHÁ,O.  |p 420010123291  |r 2019-08-26 00:00:00  |v 450.00  |w 2019-08-26  |x N:nákup; | 20100831  |y 04 
956 4 |y Obsah  |u http://toc.nkp.cz/NKC/200902/contents/nkc20081815698_1.pdf 
992 |a BK  |b SK 
998 |a 001815698 
999 |c 51890  |d 51890